Nad privatizačním projektem zlínských ZPS.
O najnovšej situácii v Závodoch presného strojárstva Zlín hovorí ich riaditeľ. Inšpirácia Baťovými zásadami. Autonómne strediská, príprava podnikovej banky, rôzne formy zainteresovania pracovníkov. Obchodná politika, investičné zámery.
Salvato in:
| Autore principale: | |
|---|---|
| Natura: | Capitolo di libro |
| Lingua: | ceco |
| Soggetti: | |
| Tags: |
Nessun Tag, puoi essere il primo ad aggiungerne!!
|
MARC
| LEADER | 00000naa a2200000 4500 | ||
|---|---|---|---|
| 001 | r006558 | ||
| 005 | 20221125081209.6 | ||
| 041 | 0 | |a cze | |
| 044 | |a [CS] | ||
| 245 | 1 | 0 | |a Nad privatizačním projektem zlínských ZPS. |c R. Zbožínek |
| 520 | |a O najnovšej situácii v Závodoch presného strojárstva Zlín hovorí ich riaditeľ. Inšpirácia Baťovými zásadami. Autonómne strediská, príprava podnikovej banky, rôzne formy zainteresovania pracovníkov. Obchodná politika, investičné zámery. | ||
| 610 | 2 | 0 | |a privatizácia |
| 610 | 2 | 0 | |a podnik strojársky |
| 610 | 2 | 0 | |a štruktúra podniku organizačná |
| 610 | 2 | 0 | |a zainteresovanosť hmotná |
| 610 | 2 | 0 | |a ZPS, a.s. Zlín |
| 610 | 2 | 0 | |a ČSFR |
| 100 | 1 | |a Zbožínek, R. | |